| 000 -LEADER | |
|---|---|
| fixed length control field | 00442nam a22001697a 4500 |
| 005 - DATE AND TIME OF LATEST TRANSACTION | |
| control field | 20230117100937.0 |
| 008 - FIXED-LENGTH DATA ELEMENTS--GENERAL INFORMATION | |
| fixed length control field | 190326b xxu||||| |||| 00| 0 eng d |
| 020 ## - INTERNATIONAL STANDARD BOOK NUMBER | |
| ISBN | 978-93-86-353-36-3 |
| 041 ## - LANGUAGE CODE | |
| Language code of text/sound track or separate title | eng |
| 100 ## - MAIN ENTRY--AUTHOR NAME | |
| Personal name | KASHIKAR, DR. VRUSHALI S. AND KULKARNI, AMOL A. |
| 245 ## - TITLE STATEMENT | |
| Title | COSMETIC SCIENCE |
| 250 ## - EDITION STATEMENT | |
| Edition statement | 2 nd, 2018 |
| 260 ## - PUBLICATION, DISTRIBUTION, ETC. (IMPRINT) | |
| Place of publication | PUNE |
| Name of publisher | NIRALI PRAKASHAN |
| 300 ## - PHYSICAL DESCRIPTION | |
| Number of Pages | I.3 p, |
| 650 ## - SUBJECT ADDED ENTRY--TOPICAL TERM | |
| Topical Term | PHARMACY |
| General subdivision | B.PHARMA |
| 942 ## - ADDED ENTRY ELEMENTS (KOHA) | |
| Koha item type | Books |
| Lost status | Damaged status | Collection code | Home library | Current library | Shelving location | Date acquired | Source of acquisition | Cost, normal purchase price | Full call number | Accession Number | Koha item type |
|---|---|---|---|---|---|---|---|---|---|---|---|
| PHARMACY | JRU Library | JRU Library | SHELF - 18 - I | 26/03/2019 | PURCHESS | 135.00 | 668.55 | 22504 | Books | ||
| Reference | JRU Library | JRU Library | SHELF-4-E | 26/03/2019 | PURCHESS | 135.00 | 668.55 | 22505 | Books | ||
| PHARMACY | JRU Library | JRU Library | SHELF - 18 - I | 26/03/2019 | PURCHESS | 135.00 | 668.55 | 22506 | Books | ||
| PHARMACY | JRU Library | JRU Library | SHELF - 18 - I | 10/02/2022 | PURCHASE | 135.00 | 668.55 | 26328 | Books | ||
| PHARMACY | JRU Library | JRU Library | SHELF - 18 - I | 10/02/2022 | PURCHASE | 135.00 | 668.55 | 26329 | Books | ||
| PHARMACY | JRU Library | JRU Library | SHELF - 18 - I | 10/02/2022 | PURCHASE | 135.00 | 668.55 | 26330 | Books |